| 000 | 00609nam a2200229Ia 4500 | ||
|---|---|---|---|
| 003 | OSt | ||
| 005 | 20221007082001.0 | ||
| 006 | a|||||r|||| 00| 0 | ||
| 007 | ta | ||
| 008 | 221006b |||||||| |||| 00| 0 eng d | ||
| 024 | _a28,844 | ||
| 037 | _cTextual | ||
| 040 |
_aFLL _cFLL _beng |
||
| 041 |
_2eng _aeng |
||
| 082 | _aZ8,1,16, L9 | ||
| 100 |
_aStein Leslie A. Ed. _9698437 |
||
| 245 | 0 | _aLocus standi | |
| 260 |
_aSydney _bThe Law Book Company Ltd. Sydney _c1979 |
||
| 300 |
_axxviii,244p _ccm. |
||
| 942 |
_hZ8,1,16, L9 _cTEXL _2CC |
||
| 999 |
_c1164947 _d1164947 |
||